Figures of speech used in the Bible: (Record no. 19990)

MARC details
000 -LEADER
fixed length control field 00661cam a2200217u 4500
001 - CONTROL NUMBER
control field 7367287
003 - CONTROL NUMBER IDENTIFIER
control field OSt
005 - DATE AND TIME OF LATEST TRANSACTION
control field 20230214093454.0
008 - FIXED-LENGTH DATA ELEMENTS--GENERAL INFORMATION
fixed length control field 830107s1898 enkh 000 0 eng
010 ## - LIBRARY OF CONGRESS CONTROL NUMBER
LC control number 37011139
040 ## - CATALOGING SOURCE
Original cataloging agency DLC
Transcribing agency CarP
Modifying agency DLC
050 00 - LIBRARY OF CONGRESS CALL NUMBER
Classification number BS537
Item number .B85 1898
100 1# - MAIN ENTRY--PERSONAL NAME
Personal name Bullinger, E. W.
Fuller form of name (Ethelbert William),
Dates associated with a name 1837-1913.
245 10 - TITLE STATEMENT
Title Figures of speech used in the Bible:
260 ## - PUBLICATION, DISTRIBUTION, ETC. (IMPRINT)
Place of publication, distribution, etc. London,
Name of publisher, distributor, etc. Eyre & Spottiswoode;
Place of publication, distribution, etc. New York,
Name of publisher, distributor, etc. E. & J. B. Young & Co.,
Date of publication, distribution, etc. 1898.
300 ## - PHYSICAL DESCRIPTION
Extent xlvi, 1104 p.
630 00 - SUBJECT ADDED ENTRY--UNIFORM TITLE
Uniform title Bible
General subdivision Language, style.
650 #0 - SUBJECT ADDED ENTRY--TOPICAL TERM
Topical term or geographic name as entry element Figures of speech.
906 ## - LOCAL DATA ELEMENT F, LDF (RLIN)
a 0
b cbc
c premunv
d u
e ncip
f 19
g y-gencatlg
942 ## - ADDED ENTRY ELEMENTS (KOHA)
Source of classification or shelving scheme Library of Congress Classification
Koha item type General Collection
Holdings
Withdrawn status Lost status Source of classification or shelving scheme Not for loan Home library Current library Date acquired Cost, normal purchase price Total Checkouts Full call number Barcode Date last seen Price effective from Koha item type
    Library of Congress Classification   Kabarak, Main Campus Kabarak, Main Campus 14/02/2023 13119.00   BS537 .B85 1898 c.1 34627 02/08/2024 14/02/2023 General Collection
Designed with assistance from East African Informatics Ltd